<?xml version="1.0" encoding="UTF-8"?><?xml-stylesheet type="text/xsl" href="static/style.xsl"?><OAI-PMH xmlns="http://www.openarchives.org/OAI/2.0/" xmlns:xsi="http://www.w3.org/2001/XMLSchema-instance" xsi:schemaLocation="http://www.openarchives.org/OAI/2.0/ http://www.openarchives.org/OAI/2.0/OAI-PMH.xsd"><responseDate>2026-06-01T19:56:49Z</responseDate><request verb="GetRecord" identifier="oai:riuma.uma.es:10630/45057" metadataPrefix="marc">https://riuma.uma.es/rest/oai/request</request><GetRecord><record><header><identifier>oai:riuma.uma.es:10630/45057</identifier><datestamp>2026-01-31T00:45:22Z</datestamp><setSpec>com_10630_2254</setSpec><setSpec>col_10630_37953</setSpec></header><metadata><record xmlns="http://www.loc.gov/MARC21/slim" xmlns:dcterms="http://purl.org/dc/terms/" xmlns:doc="http://www.lyncode.com/xoai" xmlns:xsi="http://www.w3.org/2001/XMLSchema-instance" xsi:schemaLocation="http://www.loc.gov/MARC21/slim http://www.loc.gov/standards/marcxml/schema/MARC21slim.xsd">
   <leader>00925njm 22002777a 4500</leader>
   <datafield ind2=" " ind1=" " tag="042">
      <subfield code="a">dc</subfield>
   </datafield>
   <datafield ind2=" " ind1=" " tag="720">
      <subfield code="a">Sánchez-Archidona-Hidalgo, Guillermo</subfield>
      <subfield code="e">author</subfield>
   </datafield>
   <datafield ind2=" " ind1=" " tag="260">
      <subfield code="c">2016</subfield>
   </datafield>
   <datafield ind2=" " ind1=" " tag="520">
      <subfield code="a">Los  métodos  didácticos  clásicos  empleados  en  la  enseñanza  de  la  parte especial   del   Derecho   financiero   han   resultado   efectivos   hasta   ahora   pero   son susceptibles de actualización. La aparición de las tecnologías de la información  y de la comunicación (TIC)  amplían enormemente los instrumentos en manos del docente a la hora de ilustrar a sus alumnos un Impuesto tan básico como imprescindible: el Impuesto sobre  la  Renta  de  las  Personas  Físicas  (IRPF).  Entre  otros,  el  que  es  objeto  de  este trabajo,  la  posible  introducción  del  Programa  de  Ayuda  a  la  Declaración  de  la  Renta (PADRE)  como  herramienta  didáctica   en  las  aulas  para  mejorar   y   promover  el acercamiento de los alumnos a la realidad práctica de dicho Impuesto</subfield>
   </datafield>
   <datafield ind1="8" ind2=" " tag="024">
      <subfield code="a">Sánchez-Archidona Hidalgo, Guillermo (2016) LA APLICACIÓN DEL ‘’PROGRAMA  DE AYUDA A LA DECLARACIÓN  DE LA RENTA (PADRE)’’ COMO HERRAMIENTA DIDÁCTICA EN LA ENSEÑANZA DE LA PARTE ESPECIAL DE DERECHO FINANCIERO Y TRIBUTARIO, REJIE, núm. 13, pp. 19-30</subfield>
   </datafield>
   <datafield ind1="8" ind2=" " tag="024">
      <subfield code="a">https://hdl.handle.net/10630/45057</subfield>
   </datafield>
   <datafield ind1="8" ind2=" " tag="024">
      <subfield code="a">10.24310/REJIE.2016.v0i13.7681</subfield>
   </datafield>
   <datafield tag="653" ind2=" " ind1=" ">
      <subfield code="a">Derecho fiscal - Estudio y enseñanza</subfield>
   </datafield>
   <datafield tag="653" ind2=" " ind1=" ">
      <subfield code="a">Enseñanza - Innovaciones</subfield>
   </datafield>
   <datafield ind2="0" ind1="0" tag="245">
      <subfield code="a">La aplicación del “Programa de ayuda a la declaración de la renta (padre)’’ como herramienta didáctica en la enseñanza de la parte especial de Derecho financiero y tributario</subfield>
   </datafield>
</record>
</metadata></record></GetRecord></OAI-PMH>